Základy vyučovania, op. 176 piano solo /

Hlavní autor: Duvernoy, Jean-Baptiste, 1801-1880
Další autoři: Kafendová-Zochová, Anna, 1895-1977
Jazyk: Nelze použít, není lingvistický obsah
Vydáno: Praha : Státní hudební vydavatelství, 1965
Vydání: 7. vyd.
Fyzický popis: 32 s.
Hudebniny Hudebniny
Uloženo v:
LEADER 00832ncm a22002292a 4500
001 001225039
003 CZ BrMZK
005 20120621105451.0
007 qu
008 120621s1965 xr |||||||||||||||||zxx d
040 |a BOA001  |b cze 
072 7 |a 786  |x Hudba pro klávesové nástroje  |2 Konspekt  |9 9 
100 1 |a Duvernoy, Jean-Baptiste,  |d 1801-1880  |7 ola2009488259  |4 cmp 
245 1 0 |a Základy vyučovania, op. 176  |h [hudebnina] :  |b piano solo /  |c Jean Baptiste Duvernoy ; rev. Anna Kafendová 
250 |a 7. vyd. 
260 |a Praha :  |b Státní hudební vydavatelství,  |c 1965 
300 |a 32 s. 
700 1 |a Kafendová-Zochová, Anna,  |d 1895-1977  |7 xx0055259  |4 edt 
910 |a BOA001  |b Mus4-0420.059-65 
990 |a MU 
991 |b 201206 
996 6 |b 2619054709  |c Mus4-0420.059-65  |l MZK  |r Sklad / do 1 hodiny  |n 0  |w 001259003  |u 000010  |a 1  |e BOA001  |j MZK50  |s P